000 02065cam a22004694i 4500
003 PE-LiUPU
005 20250731173334.0
008 150616s r 000 0 d
035 _a(Sirsi) a454
040 _aPE-LiUPU
_bspa
_cPE-LiUPU
_erda
049 _aPRUA
082 0 4 _a230.046
_bG984t
_223
100 1 _aGutiérrez Gonzáles, Juan,
_eautor.
245 1 0 _aTeología de la liberación evaporación de la teología :
_bla obra de Gustavo Gutiérrez vista desde ella misma /
_cJuan Gutiérrez Gonzales.
250 _aPrimera edición
264 1 _aMéxico :
_bLa Cruz
_c1975.
300 _a146 páginas ;
_c21 centímetros.
336 _atext
_2rdacontent
337 _aunmediated
_2rdamedia
338 _avolume
_2rdacarrier
504 _aNota Bibliografica.
505 0 _aTeología de la liberación vista de ella misma -- Las tareas clásicas de la teología y la teología en cuanto reflexión crítica sobre la práxis -- La práxis histórica -- La reflexión crítica -- Conclusión -- Apreciación de este capítulo situado desde el mismo -- Las autoridades citadas en la obra de Gustavo Gutiérrez -- Funciones clásicas de la teología -- La teología como reflexión crítica sobre la práxis -- Conclusiones y perspectivas -- Indice Onomástico.
526 _aSEG42
526 _aSEG41
526 _aSEG40
526 _aSEG39
526 _aP94
526 _aP87
526 _aP86
526 _aP85
526 _aP77
526 _aP76
526 _aP35
650 0 0 _aTeología de la liberación
_92237
_zAmérica Latina.
910 _ajck
942 _2ddc
_cBK
_n0
949 _a230.046 G984t
_wDEWEY
_c1
_i18481
_lCCODEBUL1
_mBUL
_p00.00
_r0
_sY
_tBOOK
_u19810304
_xTEOLOGIA
_zUNKNOWN
_0COMPRA
_o.STAFF. Colección General
949 _a230.046 G984t
_wDEWEY
_c2
_i18480
_lCCODEBUL1
_mBUL
_p00.00
_r0
_sY
_tBOOK
_u19810304
_xTEOLOGIA
_zUNKNOWN
_0COMPRA
_o.STAFF. Colección General
980 _81
_gALBERTO SANCHEZ Responsable de Automatización
999 _c48782
_d48782